000 00927aab a2200193 i 4500
001 768714001
003 CO-MdFUSB
005 20240422103109.0
008 240411t1985 ag ||||| |||| 00| 0 spa d
040 _bspa
_cCO-MdFUSB
041 _aspa
100 1 _aZukowski de Ramírez, Elvira Ester
_eautor
245 _aConcepto bíblico de liderazgo
_c/ Elvira Ester Zukowski de Ramírez
300 _aVolumen 4, número 2 (junio, 1985), páginas: 65 - 66
_c; 27 cm
520 _aEn la reflexión teológica sobre el ministerio personal, cada creyente podría considerar por un tiempo el tema del liderazgo de la iglesia y los principios bíblicos que lo sustentan. El propósito de esta nota, entonces, es mostrar lo que la Biblia enseña sobre el liderazgo
650 7 _aEducación cristiana
_9349
773 0 _tIglesia y Misión
_049402
_959687
_gVolumen 4, número 2 (junio, 1985), páginas: 65 - 66
_qpágina: 65
942 _cANA
999 _c51590
_d51590